Statistics for Top 15 Celebrities Born In 1984

Click here to take the quiz!

General Stats

  • This quiz has been taken 118 times
    (88 since last reset)
  • The average score is 6 of 15

Answer Stats

Answer% Correct
Prince Harry
90%
Mark Zuckerburg
88%
Katy Perry
82%
Scarlett Johansson
81%
Khloe Kardashian
60%
LeBron James
50%
Olivia Wilde
38%
Avril Lavigne
35%
Dhar Mann
22%
Calvin Harris
19%
Mandy Moore
15%
Chad Wild Clay
3%
Natalia Tena
3%
Rachael Taylor
3%
Luke Grimes
0%

Score Distribution

Percentile by Number Answered

Percent of People with Each Score

Your Score History

You have not taken this quiz since the last reset